| 000 | 00000nam##2200000za#4500 |
| 001 | 9.570268 |
| 003 | CaOODSP |
| 005 | 20210624182148 |
| 007 | cr ||||||||||| |
| 008 | 150406|1993||||xxc|||||o f|0| 0 eng|d |
| 040 | |aCaOODSP|beng |
| 043 | |an-cn--- |
| 086 | 1 |aNM95-57/11-4-1993E-PDF |
| 110 | 1 |aCanada.|bCanadian Heritage. |bCanadian Conservation Institute. |
| 245 | 10|aWheat starch paste |h[electronic resource] |
| 260 | |aOttawa - Ontario : |bCanadian Heritage. |cc1993. |
| 300 | |a2p.|breferences |
| 490 | 1 |aCCI Notes |v11/4 |
| 500 | |aIncorrect catalogue number (NM95-57/11-4-1986E) and ISSN (0714-6221) copied in this electronic publication. |
| 590 | |a11-21-Supp|b2011-09-30 |
| 775 | 08|tColle d'amidon de blé |w(CaOODSP)9.601014 |
| 776 | 0#|tWheat starch paste |w(CaOODSP)9.610425 |
| 830 | #0|aCCI notes ;|v11/4|w(CaOODSP)9.506353 |
| 856 | 40|ahttp://publications.gc.ca|qPDF|s604 KB|uhttps://publications.gc.ca/collections/collection_2011/pc-ch/NM95-57-11-4-1993-eng.pdf|y11/4 |